000 00346nam a2200145Ia 4500
008 211109s9999||||xx |||||||||||||| ||und||
082 _a220
_bGUN-B
100 _aGundert, Hermann
245 0 _aBible
260 _bD c Books
_aKottayam
_c1852
300 _a1143p
630 _xGENERAL STACK
650 _aBible
_vReligionGeneralia
942 _cBOOK
999 _c45067
_d45067